Madras law journal (Record no. 238721)
[ view plain ]
| 000 -LEADER | |
|---|---|
| fixed length control field | 00247nam a2200097Ia 4500 |
| 008 - FIXED-LENGTH DATA ELEMENTS--GENERAL INFORMATION | |
| fixed length control field | 231221s9999 xx 000 0 und d |
| 245 #0 - TITLE STATEMENT | |
| Title | Madras law journal |
| 260 ## - PUBLICATION, DISTRIBUTION, ETC. | |
| Date of publication, distribution, etc. | 1943 |
| Name of publisher, distributor, etc. | LexisNexis |
| 500 ## - GENERAL NOTE | |
| General note | Gratis from NLSIU. Acc. No 11092 |
| 942 ## - ADDED ENTRY ELEMENTS (KOHA) | |
| Koha item type | Bound Volumes |
| Date last seen | Total checkouts | Accession number | Volume/Issue Number | Price effective from | Category | Lost status | Damaged status | Withdrawn status | Home library | Current library | Entry date | Currency symbol | Conversion rate | Discount |
|---|---|---|---|---|---|---|---|---|---|---|---|---|---|---|
| 26/01/2024 | BD4447 | 1 | 26/01/2024 | Bound Volumes | Central Library | Central Library | RS | 1 |
